00654 2200229 4500001002100000005001500021035002000036007000300056008004100059020002200100082001000122084001600132100006100148245009000209250001000299260002700309300002300336650001300359856002000372990001600392990001600408INLIS00000000000163020190905023356 a0010-0919000003ta190905 g 0 ind  a978-979-448-635-1 a618.2 a618.2 IBG p0 aIBG Manuaba, I.A. Chandranita Manuaba, IBG Fajar Manuaba1 aPengantar kuliah obstetri /cIBG Manuaba, I.A. Chandranita Manuaba, IBG Fajar Manuaba acet.1 aJakarta. :bEGC,c2007 aviii,921p. ;c30cm aobstetri aRuang Referensi a00000013511 a00000013510